| 000 | 00428nam a22001817a 4500 | ||
|---|---|---|---|
| 003 | OSt | ||
| 008 | 240413b |||||||| |||| 00| 0 eng d | ||
| 020 | _a9789352132294 | ||
| 082 | _a004 ROI | ||
| 100 | _aROSENFELD,Louis | ||
| 245 | _aInformation Architecture | ||
| 250 | _a4TH Ed | ||
| 260 |
_aNew Delhi _bShroff/O'Reilly _c2021 |
||
| 300 | _a461 | ||
| 700 | _aMORVILLE,Peter | ||
| 700 | _aARANGO,Jorge | ||
| 942 |
_2ddc _cBK |
||
| 999 |
_c12496 _d12496 |
||